ARRUPE JESUIT UNIVERSITY

CORONAVIRUS -STOP THE SPREAD - CLEAN,DISINFECT,COVER

Ancient Israel : (Record no. 121119)

MARC details
000 -LEADER
fixed length control field 03282cam a22003734a 4500
001 - CONTROL NUMBER
control field 5542405
003 - CONTROL NUMBER IDENTIFIER
control field ARRUPE
005 - DATE AND TIME OF LATEST TRANSACTION
control field 20141017143842.0
008 - FIXED-LENGTH DATA ELEMENTS--GENERAL INFORMATION
fixed length control field 051226s2006 mnu b 001 0 eng
010 ## - LIBRARY OF CONGRESS CONTROL NUMBER
LC control number 2005015206
015 ## - NATIONAL BIBLIOGRAPHY NUMBER
National bibliography number GBA575567
Source bnb
016 7# - NATIONAL BIBLIOGRAPHIC AGENCY CONTROL NUMBER
Record control number 013287862
Source Uk
020 ## - INTERNATIONAL STANDARD BOOK NUMBER
International Standard Book Number 0800637674 (alk. paper)
035 ## - SYSTEM CONTROL NUMBER
System control number (OCoLC)ocm60596115
035 ## - SYSTEM CONTROL NUMBER
System control number (NNC)5542405
040 ## - CATALOGING SOURCE
Original cataloging agency DLC
Transcribing agency DLC
Modifying agency YDX
-- UKM
-- BAKER
-- MUQ
-- OrLoB-B
042 ## - AUTHENTICATION CODE
Authentication code pcc
050 00 - LIBRARY OF CONGRESS CALL NUMBER
Classification number BS1182.6
Item number .A53 2006
082 00 - DEWEY DECIMAL CLASSIFICATION NUMBER
Classification number 221.6/7
Edition number 22
300 ## - PHYSICAL DESCRIPTION
Dimensions 24 cm.
245 00 - TITLE STATEMENT
Title Ancient Israel :
Remainder of title the Old Testament in its social context /
Statement of responsibility, etc edited by Philip F. Esler.
260 ## - PUBLICATION, DISTRIBUTION, ETC. (IMPRINT)
Place of publication, distribution, etc Minneapolis :
Name of publisher, distributor, etc Fortress Press,
Date of publication, distribution, etc c2006.
300 ## - PHYSICAL DESCRIPTION
Extent xvii, 420 p. ;
504 ## - BIBLIOGRAPHY, ETC. NOTE
Bibliography, etc Includes bibliographical references (p. 353-405) and index.
505 00 - FORMATTED CONTENTS NOTE
Miscellaneous information 1.
Title Social-scientific models in biblical interpretation /
Statement of responsibility Philip F. Esler --
Miscellaneous information 2.
Title Social-scientific analysis of the Old Testament : a brief history and overview /
Statement of responsibility Philip F. Esler and Anselm C. Hagedorn --
Miscellaneous information 3.
Title Tribalism - social organization in the biblical Israels /
Statement of responsibility Robert B. Coote --
Miscellaneous information 4.
Title Polygyny - insights from rural Haiti /
Statement of responsibility Carolyn S. Leeb --
Miscellaneous information 5.
Title Sacrifice - the ritual for the leper in Leviticus 14 /
Statement of responsibility Adriana Destro and Mauro Pesce --
Miscellaneous information 6.
Title Reciprocity - covenantal exchange as a test case /
Statement of responsibility Zeba A. Crook --
Miscellaneous information 7.
Title Wealth - how Abraham became rich /
Statement of responsibility Gary Stansell --
Miscellaneous information 8.
Title Prophecy - Joseph Smith and the gestalt of the Israelite prophet /
Statement of responsibility Lester L. Grabbe --
Miscellaneous information 9.
Title Barrenness - trance as a protest strategy /
Statement of responsibility Dietmar Neufeld --
Miscellaneous information 10.
Title Micah - models matter : political economy and Micah 6:9-15 /
Statement of responsibility Marvin L. Chaney --
Miscellaneous information 11.
Title Deuteronomy - shameful encroachment on shameful parts : Deuteronomy 25:11-12 and biblical euphemism /
Statement of responsibility John H. Elliott --
Miscellaneous information 12.
Title Judges - (dis)honor and ritual enactment : the Jephthah story : judges 10:16 - 12:1 /
Statement of responsibility Richard E. DeMaris and Carolyn S. Leeb --
Miscellaneous information 13.
Title 2 Samuel - David and the Ammonite War : a narrative and social-scientific interpretation of 2 Samuel 10-12 /
Statement of responsibility Philip F. Esler --
Miscellaneous information 14.
Title Ezekiel - an altered state of consciousness experience : the call of Ezekiel : Ezekiel 1-3 /
Statement of responsibility John J. Pilch --
Miscellaneous information 15.
Title Nahum - ethnicity and stereotypes : anthropological insights into Nahum's literary history /
Statement of responsibility Anselm C. Hagedorn --
Miscellaneous information 16.
Title Maccabees - symbolic wars and age sets : the anthropology of war in 1 Maccabees /
Statement of responsibility Mario I. Aguilar --
Miscellaneous information 17.
Title Qumran - the prototypical teacher in the Qumran Pesharim : a social-identity approach /
Statement of responsibility Jutta Jokiranta --
Miscellaneous information 18.
Title Biblical hermeneutics - Marcion's truth and a developmental perspective /
Statement of responsibility Douglas E. Oakman --
Miscellaneous information 19.
Title Interfaith dialogue - challenging the received view /
Statement of responsibility Bruce J. Malina --
Miscellaneous information 20.
Title Psychology - Moses and monotheism : the future of Freud's illusion /
Statement of responsibility Andrew D. H. Mayes.
630 00 - SUBJECT ADDED ENTRY--UNIFORM TITLE
Uniform title Bible.
Name of part/section of a work Old Testament
General subdivision Social scientific criticism
Form subdivision Congresses.
9 (RLIN) 12171
630 06 - SUBJECT ADDED ENTRY--UNIFORM TITLE
Uniform title Bible.
Name of part/section of a work A.T.
General subdivision Critique sociale
Form subdivision Congrès.
9 (RLIN) 12172
650 #0 - SUBJECT ADDED ENTRY--TOPICAL TERM
Topical term or geographic name as entry element Sociology, Biblical
Form subdivision Congresses.
9 (RLIN) 12173
650 #6 - SUBJECT ADDED ENTRY--TOPICAL TERM
Topical term or geographic name as entry element Bible
General subdivision Sociologie
Form subdivision Congrès.
9 (RLIN) 12174
700 1# - ADDED ENTRY--PERSONAL NAME
Personal name Esler, Philip Francis.
9 (RLIN) 12175
856 41 - ELECTRONIC LOCATION AND ACCESS
Materials specified Table of contents
Uniform Resource Identifier <a href="http://www.loc.gov/catdir/toc/ecip0513/2005015206.html">http://www.loc.gov/catdir/toc/ecip0513/2005015206.html</a>
900 ## - EQUIVALENCE OR CROSS-REFERENCE-PERSONAL NAME [LOCAL, CANADA]
Numeration TOC
942 ## - ADDED ENTRY ELEMENTS (KOHA)
Source of classification or shelving scheme Library of Congress Classification
Koha item type Monograph ( Printed materials)
948 1# - LOCAL PROCESSING INFORMATION (OCLC); SERIES PART DESIGNATOR (RLIN)
Series part designator, SPT (RLIN) 20060309
b (OCLC) c
c (OCLC) dc21
d (OCLC) MPS
Holdings
Withdrawn status Lost status Source of classification or shelving scheme Damaged status Not for loan Collection code Home library Current library Shelving location Date acquired Total Checkouts Full call number Barcode Date last seen Price effective from Koha item type
    Library of Congress Classification     Main Collection ARRUPE LIBRARY ARRUPE LIBRARY Main Collection 17/10/2014   BS1182.6 .A53 2006 46500003780 17/10/2014 17/10/2014 Monograph ( Printed materials)

 

Arrupe Library. PO Box MP320 Mt Pleasant, Harare, Zimbabwe
263 242 745411|librarian@aju.ac.zw